Alenka v říši divů /

Hlavní autor: Cosanti, Francesca, 1985-
Další autoři: Carroll, Lewis, 1832-1898., Tůma, Petr
Jazyk: Čeština
Vydáno: Praha : Naše vojsko, 2018
Témata:
Fyzický popis: 38 nečíslovaných stran : barevné ilustrace ; 32 cm
Knihy
Uloženo v:
LEADER 01946cam a2200493 i 4500
001 nkc20183049266
003 CZ PrNK
005 20181221105804.0
007 ta
008 181026s2018 xr a b 000 j cze d
015 |a cnb003049266 
020 |a 978-80-206-1743-9  |q (vázáno) :  |c Kč 299,00 
035 |a (OCoLC)1081362500 
040 |a ULG001  |b cze  |d OLA001  |e rda 
041 1 |a cze  |h eng 
072 7 |a 821.111-3  |x Anglická próza, anglicky psaná  |2 Konspekt  |9 25 
072 7 |a 821-93  |x Literatura pro děti a mládež (beletrie)  |2 Konspekt  |9 26 
080 |a 821.111-32  |2 MRF 
080 |a 821-93  |2 MRF 
080 |a (0.046.6)  |2 MRF 
080 |a (0:82-32)  |2 MRF 
100 1 |a Cosanti, Francesca,  |d 1985-  |7 xx0227365  |4 ill 
245 1 0 |a Alenka v říši divů /  |c podle mistrovského díla Lewise Carrolla ; ilustrace Francesca Cosanti ; z anglického originálu Alice in Wonderland přeložil Petr Tůma 
264 1 |a Praha :  |b Naše vojsko,  |c 2018 
300 |a 38 nečíslovaných stran :  |b barevné ilustrace ;  |c 32 cm 
336 |a text  |b txt  |2 rdacontent 
336 |a statický obraz  |b sti  |2 rdacontent 
337 |a bez média  |b n  |2 rdamedia 
338 |a svazek  |b nc  |2 rdacarrier 
655 7 |a anglické příběhy  |7 fd131813  |2 czenas 
655 7 |a literární adaptace  |7 fd119387  |2 czenas 
655 7 |a publikace pro děti  |7 fd133156  |2 czenas 
655 9 |a English stories  |2 eczenas 
655 9 |a literary adaptations  |2 eczenas 
655 9 |a children's literature  |2 eczenas 
700 1 |i Adaptace díla:  |a Carroll, Lewis,  |d 1832-1898.  |t Alice's adventures in Wonderland  |7 aun2016903102 
700 1 |a Tůma, Petr  |7 jn20000810173  |4 trl 
765 0 8 |i Název anglické verze:  |t Alice in Wonderland  |9 Česky 
910 2 |a BOA001  |b 4-1418.638 
920 |a KN3148000001437554  |z ULG001 
990 |a BK 
995 |a 01 
991 |b 201812  |c NOV 
996 6 |b 2610763339  |c 4-1418.638  |l MZK  |r Sklad / do 1 hodiny  |n 1  |p p.v.  |w 001697071  |u 000010  |a 1  |e BOA001  |j MZK50  |s P